Logique - Mort Subite #33.03 - Statistiques

Statistiques générales
  • Ce quiz a été pris 129 fois
  • Le résultat moyen est 3 sur 16
Answers on the Grid
Answers color-coded by a green-red scale on the quiz's grid according to % correct below.
Vison
Péridot
Platine
Chêne
Vanille
Vermeil
Lavande
Sapin
Acacia
Satin
Fer
Anneau
Tourmaline
Dentelle
Bois
Hélium
Nickel
Béryl
Chocolat
Liège
Romarin
Émeraude
Porcelaine
Jade
 
Statistiques - réponses
Réponse % Correct
Platine
35%
Vison
31%
Chêne
26%
Vanille
26%
Vermeil
25%
Fer
21%
Lavande
21%
Émeraude
19%
Bois
14%
Jade
14%
Nickel
13%
Porcelaine
13%
Béryl
10%
Satin
10%
Péridot
9%
Tourmaline
8%
Aucun quiz correspondant
Distribution des résultats
% des personnes avec chaque résultat
Percentile par nombre de réponses
Votre historique - résultats
Vous n’avez pas pris ce quiz